000 00555nam a22001577a 4500
003 NUST
082 _a610
100 _aRIAZ, ZAINAB
_9121947
245 _aANALYSIS OF THE EFFICACY OF NOVEL DRUG BASED ON NATURAL PLAN EXTRACT FOR THE TREATMENT OF TYPE II DIABETES /
_cZAINAB RIAZ
264 _aIslamabad:
_bSMME- NUST.
_c2019.
300 _a44p. ;
_bSoft Copy ,
_c30cm.
650 _aMS Biomedical Sciences (BMS)
700 _aDr Murtaza Najabat Ali
_916209
856 _u http://10.250.8.41:8080/xmlui/handle/123456789/8442
942 _2ddc
_cTHE
999 _c608589
_d608589